Fr. Conceicao Rodrigues College of Engineering

Govt. Business Dictionary (Record no. 31241)

MARC details
000 -LEADER
fixed length control field 00325nam a2200145Ia 4500
100 ## - MAIN ENTRY--PERSONAL NAME
Personal name Govt. Advisory Board
245 ## - TITLE STATEMENT
Title Govt. Business Dictionary
260 ## - PUBLICATION, DISTRIBUTION, ETC.
Name of publisher, distributor, etc. Language Directorate
Place of publication, distribution, etc. Pune
Date of publication, distribution, etc. 1988
300 ## - PHYSICAL DESCRIPTION
Extent 614
546 ## - LANGUAGE NOTE
Language note ENGLISH
650 ## - SUBJECT ADDED ENTRY--TOPICAL TERM
Topical term or geographic name entry element General
654 ## - SUBJECT ADDED ENTRY--FACETED TOPICAL TERMS
Focus term Bussiness Dictonary
942 ## - ADDED ENTRY ELEMENTS (KOHA)
Koha item type BOOK
Holdings
Withdrawn status Lost status Damaged status Not for loan Collection Home library Current library Shelving location Date acquired Total Checkouts Full call number Barcode Date due Date last seen Date last checked out Price effective from Koha item type
        AFT Fr. Agnel's C.Rodrigues College of Engineering Fr. Agnel's C.Rodrigues- College of Engineering   17/03/2023 1 AFT5966 22/07/2009 05/06/2023 05/06/2023 17/03/2023 BOOK